[Event "FRA-ch U20 Girls"]
[Site "Le Grand Bornand"]
[Date "2007.04.14"]
[Round "8"]
[White "Cyrille, Wilfrid"]
[Black "Sally, Paul Adrien"]
[Result "1/2-1/2"]
[WhiteElo "1650"]
[BlackElo "1973"]
[PlyCount "104"]
[EventDate "2007.04.07"]
[EventType "swiss"]
[EventRounds "9"]
[EventCountry "FRA"]
[SourceTitle "CBM 118 Extra"]
[Source "ChessBase"]
[SourceDate "2007.07.04"]
[SourceVersion "1"]
[SourceVersionDate "2007.07.04"]
[SourceQuality "1"]

1. d4 Nf6 2. c4 c5 3. d5 b5 4. cxb5 a6 5. b6 Qxb6 6. Nc3 d6 7. e4 g6 8. Bd3 Bg7 9. Nge2 0-0 10. 0-0 Nbd7 11. a4 Ne5 12. a5 Qc7 13. f4 Nxd3 14. Qxd3 Bg4 15. h3 Bxe2 16. Qxe2 Rfb8 17. e5 Ne8 18. e6 f5 19. g4 Bd4+ 20. Kh2 Ng7 21. h4 fxg4 22. Qxg4 Rb4 23. Qg2 Qb7 24. f5 Rf8 25. fxg6 Be5+ 26. Kh3 Rxf1 27. gxh7+ Kxh7 28. Qxf1 Bf6 29. Bg5 Bxg5 30. hxg5 Rxb2 31. Qd3+ Kg8 32. Qg6 Rb3 33. Qf7+ Kh7 34. Kg2 Rb2+ 35. Kg3 Rg2+ 36. Kxg2 Qb2+ 37. Qf2 Qxa1 38. Qh4+ Kg8 39. g6 Qb2+ 40. Kf1 Qc1+ 41. Kf2 Qc2+ 42. Ne2 Qxg6 43. Qxe7 Qf5+ 44. Ke1 Qxd5 45. Qf7+ Kh7 46. Nf4 Qe5+ 47. Kd2 Qd4+ 48. Ke2 Qe4+ 49. Kd2 Kh6 50. e7 Qd4+ 51. Ke2 Qe4+ 52. Kd2 Qd4+ 1/2-1/2